LIBRARY & INFORMATION CENTRE, KCAET, TAVANUR

ONLINE PUBLIC ACCESS CATALOGUE (OPAC)

STUDY ON DESIGN OF FOUR- BAR MECHANISM IN VIBRATORY TILLAGE TOOLS (Record no. 19627)

MARC details
000 -LEADER
fixed length control field 00627nam a22001817a 4500
003 - CONTROL NUMBER IDENTIFIER
control field OSt
082 ## - DEWEY DECIMAL CLASSIFICATION NUMBER
Classification number 631.3
Item number MOH/ST
088 ## - REPORT NUMBER
Report number P 652
100 ## - MAIN ENTRY--AUTHOR NAME
Personal name Mohammed Suhail V K
100 ## - MAIN ENTRY--AUTHOR NAME
Personal name Chaithanya Vijayan
100 ## - MAIN ENTRY--AUTHOR NAME
Personal name Roshni V S
245 ## - TITLE STATEMENT
Title STUDY ON DESIGN OF FOUR- BAR MECHANISM IN VIBRATORY TILLAGE TOOLS
260 ## - PUBLICATION, DISTRIBUTION, ETC. (IMPRINT)
Place of publication Tavanur
Name of publisher DEPARTMENT OF FARM MACHINERY AND POWER ENGINEERING, KELAPPAJI COLLEGE OF AGRICULTURAL ENGINEERING AND FOOD TECHNOLOGY
Year of publication 2025
700 ## - ADDED ENTRY--PERSONAL NAME
Personal name Sindhu Bhaskar
856 ## - ELECTRONIC LOCATION AND ACCESS
Uniform Resource Identifier http://14.139.181.140:8080/jspui/handle/123456789/2196
942 ## - ADDED ENTRY ELEMENTS (KOHA)
Koha item type Project Report
Holdings
Collection code Home library Current library Full call number Accession Number Koha item type
Reference KAUAET KAUAET 631.3 MOH/ST P 652 Project Report
free website counter